LEADER 01984oam 2200553 450 001 9910702582103321 005 20150518133220.0 035 $a(CKB)5470000002428355 035 $a(OCoLC)884982460 035 $a(EXLCZ)995470000002428355 100 $a20140731g20149999 ua 0 101 0 $aeng 135 $aurbn||||||||| 181 $ctxt$2rdacontent 182 $cc$2rdamedia 183 $2rdacarrier 200 10$aHezbollah International Financing Prevention Act of 2014 $ereport (to accompany H.R. 4411) (including cost estimate of the Congressional Budget Office) 210 1$a[Washington, D.C.] :$c[U.S. Government Printing Office],$d[2014]- 215 $a1 online resource (volumes) 225 1 $aRept. / 113th Congress, 2d session, House of Representatives ;$v113-543 300 $a"July 22, 2014"--Part 1. 300 $aTitle from title screen (viewed on July 31 2014). 517 $aHezbollah International Financing Prevention Act of 2014 606 $aState-sponsored terrorism$zIran 606 $aTerrorism$zUnited States$xPrevention 606 $aTerrorism$xPrevention$xInternational cooperation 606 $aState-sponsored terrorism$2fast 606 $aTerrorism$xPrevention$2fast 606 $aTerrorism$xPrevention$xInternational cooperation$2fast 607 $aIran$2fast 607 $aUnited States$2fast 608 $aLegislative materials.$2lcgft 615 0$aState-sponsored terrorism 615 0$aTerrorism$xPrevention. 615 0$aTerrorism$xPrevention$xInternational cooperation. 615 7$aState-sponsored terrorism. 615 7$aTerrorism$xPrevention. 615 7$aTerrorism$xPrevention$xInternational cooperation. 801 0$bGPO 801 1$bGPO 801 2$bGPO 801 2$bCOO 801 2$bOCLCO 801 2$bGPO 801 2$bOCLCF 906 $aBOOK 912 $a9910702582103321 996 $aHezbollah International Financing Prevention Act of 2014$93476962 997 $aUNINA